LEADER 01113oam 2200289z- 450 001 9910162770203321 005 20170925011536.0 010 $a1-908057-98-X 035 $a(CKB)3710000000892566 035 $a(BIP)056188268 035 $a(VLeBooks)9781907494666 035 $a(EXLCZ)993710000000892566 100 $a20161219c2016uuuu -u- - 101 0 $aeng 200 $aAn tearmann 210 $aDún Laoghaire$cCois Life 215 $a1 online resource (185 p.) 311 $a1-907494-66-9 330 8 $aEoin O? Si?ocha?in, a young human rights activist from County Clare, travels to Brazil to research the violent conflict between a native tribe and local landowners. As he gets to know the locals, he begins to understand that the story is not as simple as he thought - but by that time, it's too late. Against his wishes, Eoin will have a key part to play when the conflict comes to a head. 610 $aFiction 610 $aBrazil 676 $a891.6235 700 $aHijmans$b Alex$01240564 906 $aBOOK 912 $a9910162770203321 996 $aAn tearmann$92892244 997 $aUNINA LEADER 01767nam 2200397z- 450 001 9910346940503321 005 20210211 010 $a1000007003 035 $a(CKB)4920000000101117 035 $a(oapen)https://directory.doabooks.org/handle/20.500.12854/54982 035 $a(oapen)doab54982 035 $a(EXLCZ)994920000000101117 100 $a20202102d2007 |y 0 101 0 $ager 135 $aurmn|---annan 181 $ctxt$2rdacontent 182 $cc$2rdamedia 183 $acr$2rdacarrier 200 00$aNutzung des Zentrifugalkraftfeldes fu?r die Vorhersage der Langzeitstabilita?t von kosmetischen Emulsionen 210 $cKIT Scientific Publishing$d2007 215 $a1 online resource (IV, 145 p. p.) 311 08$a3-86644-148-7 330 $aDie Bestimmung der Haltbarkeitsdauer kosmetischer Emulsionen ist von großem industriellen Interesse. Bisherige Verfahren zur Bestimmung der Stabilita?t von Emulsionen sind nur sehr bedingt auf langzeitstabile Emulsionen anwendbar.In dieser Arbeit wurde erstmals eine optische Zentrifuge zur Vorhersage der Langzeitstabilita?t von kosmetischen Emulsionen eingesetzt.Diese Methode erfordert keine Wiederholungsmessungen und wurde sowohl auf W/O- als auch auf O/W-Emulsionen angewandt. 606 $aBiotechnology$2bicssc 610 $aData Mining 610 $aFormale Begriffsanalyse 610 $aSemantic Web 610 $aTerminologische Logik 610 $aVerbandstheorie 610 $aWissensmanagement 615 7$aBiotechnology 700 $aMühlbach$b Mandy$4auth$01287617 906 $aBOOK 912 $a9910346940503321 996 $aNutzung des Zentrifugalkraftfeldes für die Vorhersage der Langzeitstabilität von kosmetischen Emulsionen$93020218 997 $aUNINA